Superman versus Mongul / (Record no. 5706)

MARC details
000 -LEADER
fixed length control field 01101cam a22003137a 4500
001 - CONTROL NUMBER
control field 5706
003 - CONTROL NUMBER IDENTIFIER
control field FISKH
005 - DATE AND TIME OF LATEST TRANSACTION
control field 20250115103745.0
008 - FIXED-LENGTH DATA ELEMENTS--GENERAL INFORMATION
fixed length control field 100408s2011 nyua j 000 1 eng
010 ## - LIBRARY OF CONGRESS CONTROL NUMBER
LC control number 2010926431
020 ## - INTERNATIONAL STANDARD BOOK NUMBER
International Standard Book Number 9780061885181 (pbk. bdg.)
040 ## - CATALOGING SOURCE
Original cataloging agency DLC
Transcribing agency DLC
Language of cataloging eng
Modifying agency DLC
050 ## - LIBRARY OF CONGRESS CALL NUMBER
Classification number PZ7.T2351
082 ## - DEWEY DECIMAL CLASSIFICATION NUMBER
Classification number 488
100 1# - MAIN ENTRY--PERSONAL NAME
Personal name Teitelbaum, Michael.
245 10 - TITLE STATEMENT
Title Superman versus Mongul /
Statement of responsibility, etc. by Michael Teitelbaum ; pictures by MADA Design Inc.
260 ## - PUBLICATION, DISTRIBUTION, ETC.
Place of publication, distribution, etc. New York :
Name of publisher, distributor, etc. Harper,
Date of publication, distribution, etc. 2011.
300 ## - PHYSICAL DESCRIPTION
Extent 32 pages :
Other physical details color illustrations ;
Dimensions 23 cm
490 0# - SERIES STATEMENT
Series statement I can read!
Volume/sequential designation Reading with help 2
500 ## - GENERAL NOTE
General note "Superman created by Jerry Siegel and Joe Shuster."
505 ## - FORMATTED CONTENTS NOTE
Formatted contents note G<br/>
520 ## - SUMMARY, ETC.
Summary, etc. Alien super-villain Mongul is on a mission to take over planet Earth. Can Superman defeat this madman without destroying Metropolis in the process?
521 8# - TARGET AUDIENCE NOTE
Target audience note 380<br/>
Source Lexile estimate<br/>
521 8# - TARGET AUDIENCE NOTE
Target audience note G<br/>
Source Raz-Plus<br/>
650 ## - SUBJECT ADDED ENTRY--TOPICAL TERM
Topical term or geographic name entry element Superheroes
Form subdivision Beginning Reader
General subdivision Young Readers
906 ## - LOCAL DATA ELEMENT F, LDF (RLIN)
a 7
b cbc
c orignew
d 4
e epcn
f 20
g y-gencatlg
942 ## - ADDED ENTRY ELEMENTS (KOHA)
Source of classification or shelving scheme Dewey Decimal Classification
Koha item type Books
Suppress in OPAC No
Holdings
Withdrawn status Lost status Source of classification or shelving scheme Damaged status Not for loan Collection Home library Current library Shelving location Date acquired Total Checkouts Full call number Barcode Date last seen Price effective from Koha item type
    Dewey Decimal Classification     Juvenile Fiction Footprints International School Library Network Toul Kork Campus Footprints International School Library Network Toul Kork Campus TK Primary Library Room(4th Floor), Bookcase 1&2, Shelves 1-16, Dark Blue Books 01/15/2025   TEI 488 PZ7.T2351 FISTK01288 01/15/2025 01/15/2025 Books